Welcome to CU Library Online Public Access Catalogue (OPAC)

screamfree parenting: (Record no. 4685)

MARC details
000 -LEADER
fixed length control field 00442nam a22001457a 4500
005 - DATE AND TIME OF LATEST TRANSACTION
control field 20250311104425.0
008 - FIXED-LENGTH DATA ELEMENTS--GENERAL INFORMATION
fixed length control field 250311b |||||||| |||| 00| 0 eng d
020 ## - INTERNATIONAL STANDARD BOOK NUMBER
International Standard Book Number 9781400073733
050 ## - LIBRARY OF CONGRESS CALL NUMBER
Classification number HQ 755.8 R 86 RUN
Item number 1
100 ## - MAIN ENTRY--PERSONAL NAME
Personal name RUNKEL, HAL Edward
245 ## - TITLE STATEMENT
Title screamfree parenting:
Remainder of title the revolutionary approach to raising your kids by keeping your cool
260 ## - PUBLICATION, DISTRIBUTION, ETC.
Place of publication, distribution, etc. Colorado
Name of publisher, distributor, etc. WaterBrook press
Date of publication, distribution, etc. 2007
300 ## - PHYSICAL DESCRIPTION
Extent 237p
942 ## - ADDED ENTRY ELEMENTS (KOHA)
Source of classification or shelving scheme Library of Congress Classification
Koha item type Books
Suppress in OPAC No
999 ## -
-- 4685
-- 4685
Holdings
Withdrawn status Lost status Source of classification or shelving scheme Damaged status Not for loan Collection Home library Current library Shelving location Date acquired Total checkouts Full call number Barcode Date last seen Copy number Price effective from Koha item type
    Library of Congress Classification     Non-fiction Graduate Library (Christ Temple) Graduate Library (Christ Temple) General stacks 03/11/2025   HQ 755.8.R 86 RUN GSCT00000605 03/11/2025 1 03/11/2025 Books
© 2023-2024 Copyright: Central University Libraries. All Rights Reserved | Created by: Mahone Tech Office